Statistics for All Elements of the Periodic Table without letters of their symbols, sorted by original name

Click here to take the quiz!

General Stats

  • This quiz has been taken 83 times
  • The average score is 56 of 114

Answer Stats

#Element% Correct
10O
95%
2 | 20Lium
88%
1Ydrogen
86%
8Xygen
81%
6Arbon
77%
5Oron
77%
79Gold
74%
19Potassium
74%
7Itroge
72%
11Sodium
72%
50Ti
72%
18Gon
70%
26Iron
70%
4Ryllium
68%
47Silver
68%
13Uminium
68%
36Ypton
68%
12Anesiu
67%
30Ic
67%
9Luorine
67%
3Thum
67%
17Horine
65%
82Lead
65%
29Opper
63%
54Non
61%
32Rmanium
61%
16Ulfur
61%
27Balt
60%
56 | 58Rium
60%
86Ado
58%
25Agaese
58%
31Llium
58%
80Mercury
58%
35Omine
58%
21Andium
56%
51Antimony
56%
15Hoshorus
56%
23Anadium
54%
28Ckel
54%
24Homium
53%
34 | 84Lnium
53%
38Tontium
53%
74Tungsten
53%
40Iconium
51%
14Lcon
51%
53Odne
51%
33Renic
51%
39Ttrium
51%
22Anum
49%
55Eium
49%
37Uidium
49%
48Amium
47%
87Ancium
47%
72Anium
47%
88Dium
47%
95Ericiu
47%
89Tinium
47%
68Bium
46%
46Allaium
44%
49 | 77Dum
44%
75Hnium
44%
41Ioium
44%
76Mium
44%
45Odium
44%
92Ranim
44%
90 | 107Orium
42%
83Smuth
42%
78Lainum
40%
67Lmium
40%
42Lybdenu
40%
57Nthnum
40%
70Tterium
40%
96Uriu
40%
62Aariu
39%
64Aolinium
39%
100Eriu
39%
65Erium
37%
93Etuium
37%
52Llurium
37%
73Nlum
37%
63Ropim
37%
85Sine
37%
108Aium
35%
98Aliornium
35%
102Belium
35%
43Ehneium
35%
60Eoymium
35%
97Erelium
35%
66Sprosium
35%
71Tetim
35%
59Aseodymium
33%
94Ltonim
33%
69Huliu
32%
61Roethiu
32%
44Thenim
32%
99Intinium
30%
106Eaborium
28%
101Eneleviu
28%
81Haium
28%
103Awencium
26%
109Eineriu
26%
91Rotctinium
26%
116Iermorium
25%
104Utheodium
25%
105Unium
23%
111Oentenium
21%
112Operiium
21%
110Armtatium
19%
114Erovium
19%

Score Distribution

Percentile by Number Answered

Percent of People with Each Score

Your Score History

You have not taken this quiz